<?xml version="1.0" encoding="utf-8"?>
<?xml-stylesheet type='text/xsl' href='./oai2.xsl'?>
<OAI-PMH xmlns="http://www.openarchives.org/OAI/2.0/" xmlns:xsi="http://www.w3.org/2001/XMLSchema-instance" xsi:schemaLocation="http://www.openarchives.org/OAI/2.0/ http://www.openarchives.org/OAI/2.0/OAI-PMH.xsd">
  <responseDate>2026-06-05T19:15:56Z</responseDate>
  <request verb="GetRecord" metadataPrefix="marcxml" identifier="record_kuniweb_165113">https://kulturerbe.niedersachsen.de/oai</request>
  <GetRecord>
    <record>
      <header>
        <identifier>record_kuniweb_165113</identifier>
        <datestamp>2025-08-28T09:38:22Z</datestamp>
        <setSpec>slg0111</setSpec>
      </header>
      <metadata>
        <marc:record xmlns:marc="http://www.loc.gov/MARC21/slim" xsi:schemaLocation="http://www.loc.gov/MARC21/slim http://www.loc.gov/standards/marcxml/schema/MARC21slim.xsd">
          <marc:leader>12345nkm  22     uu 4500</marc:leader>
          <marc:controlfield tag="001">165113</marc:controlfield>
          <marc:controlfield tag="003">http://kuniweb.gbv.de</marc:controlfield>
          <marc:controlfield tag="005">2018-03-20T18:41:52</marc:controlfield>
          <marc:controlfield tag="008">|           ||||||||||||||||||||||</marc:controlfield>
          <marc:datafield tag="245" ind1="1" ind2="0">
            <marc:subfield code="a">Transportband für (einen) Steinbrecher für Herrn E. Rothschild in Stadtoldendorf, 1908</marc:subfield>
          </marc:datafield>
          <marc:datafield tag="720" ind1=" " ind2=" ">
            <marc:subfield code="a">Ephraim Rothschild</marc:subfield>
          </marc:datafield>
          <marc:datafield tag="655" ind1=" " ind2="7">
            <marc:subfield code="a">Grafik</marc:subfield>
          </marc:datafield>
          <marc:datafield tag="046" ind1=" " ind2=" ">
            <marc:subfield code="k">1908-05-27</marc:subfield>
            <marc:subfield code="k">27.05.1908</marc:subfield>
          </marc:datafield>
          <marc:datafield tag="260" ind1=" " ind2=" ">
            <marc:subfield code="g">1908-05-27</marc:subfield>
            <marc:subfield code="g">27.05.1908</marc:subfield>
          </marc:datafield>
          <marc:datafield tag="520" ind1=" " ind2=" ">
            <marc:subfield code="a">Zeichnung - Blaupause
Herstellungsort - Königshütte, Bad Lauterberg

Auftraggeber und Standort:
Gipswerk E. Rothschild, Stadtoldendorf

Information:
Zum Auftragsvolumen gehören die Zeichnungen A_4_93 bis A_4_96.

Anmerkung:
1885 war in Stadtoldendorf eine größere jüdische Gemeinde ansässig, die Unternehmen der Gips-, Sandstein- sowie Webindustrie begründeten. Am 1. Februar 1898 gründete die Firma A.J. Rothschild und Söhne die älteste Werkfeuerwehr für ihre Weberei.
Ephraim Rothschild,  gestorben am 30. Januar 1901 im Alter von 92 Jahren in Stadtoldendorf, war eine prägende Figur für das Leben in der Homburgstadt.
Rothschild eröffnete 1860 den Sandsteinbruch im Hooptal und 1864 eine Gipsbrennerei. Außerdem setzte er sich -  zusammen mit dem damaligen Bürgermeister – für den Bau der Eisenbahnstrecke von Kreiensen nach Holzminden ein.
aus verschiedenen Quellen, u.a. aus:
Stadtoldendorf bekommt einen Epharim Rothschild-Platz
https://www.stadtreporter.de/.../stadtoldendorf-bekommt-einen-ephraim-rothschild-pla...


 (Förderkreis Königshütte Bad Lauterberg e.V.)</marc:subfield>
          </marc:datafield>
          <marc:datafield tag="650" ind1="1" ind2=" ">
            <marc:subfield code="a">Gipsverarbeitung</marc:subfield>
          </marc:datafield>
          <marc:datafield tag="650" ind1="1" ind2=" ">
            <marc:subfield code="a">Grafik, Fotografie &gt; Zeichnung</marc:subfield>
          </marc:datafield>
          <marc:datafield tag="650" ind1="1" ind2=" ">
            <marc:subfield code="a">Industrie</marc:subfield>
          </marc:datafield>
          <marc:datafield tag="650" ind1="1" ind2=" ">
            <marc:subfield code="a">Stadtoldendorf (Eschershausen-Stadtoldendorf, Holzminden, Niedersachsen)</marc:subfield>
          </marc:datafield>
          <marc:datafield tag="773" ind1="0" ind2=" ">
            <marc:subfield code="t">Mühlen-, Gips- und sonstige Anlagen</marc:subfield>
          </marc:datafield>
          <marc:datafield tag="852" ind1=" " ind2=" ">
            <marc:subfield code="a">Industriedenkmal Königshütte Bad Lauterberg im Harz</marc:subfield>
          </marc:datafield>
          <marc:datafield tag="" ind1=" " ind2=" ">
            <marc:subfield code="a">Namensnennung - Nicht kommerziell - Keine Bearbeitungen 4.0 International (CC BY-NC-ND 4.0)</marc:subfield>
          </marc:datafield>
        </marc:record>
      </metadata>
    </record>
  </GetRecord>
</OAI-PMH>
